A qui le Canva ? - Statistics

General Stats
  • This quiz has been taken 3 times
  • The average score is 2 of 12
Answer Stats
QUI ? % Correct
La meuf derrière ?
100%
Encore moi
50%
La vanne est longue
50%
Ah je crois elle est blonde
0%
Eh louve oublie pas ta note
0%
Mais je sais tu vas rire
0%
Oui c'est ça Philow !
0%
Philomène !
0%
Philomène Genoud
0%
Philo peu être
0%
Pour finir c'étais moi mdr
0%
Toujours le genoud préféré
0%
No matching quizzes found
Score Distribution
Percent of People with Each Score
Percentile by Number Answered
Your Score History
You have not taken this quiz